| 000 | 01195cam a2200421 4500 | ||
|---|---|---|---|
| 008 | 090401t1998 xxu||||| |||| 00| 0 eng d | ||
| 020 | _a0582319269 | ||
| 035 | _a(Sirsi) u85540 | ||
| 041 | _aeng | ||
| 050 | _a658.404 | ||
| 100 | _aFranks, James | ||
| 245 | _aBuilding procurement systems: a client`s guide | ||
| 250 | _a3rd | ||
| 260 |
_aHarlow, Essex _bAddison Wesley Longman _c1998 |
||
| 260 |
_aAscot, Berks. _bCIOB _c1998 |
||
| 300 | _ax, 161p. ; 25cm. | ||
| 350 | _a17.99 | ||
| 520 | _aAdditional material provided by Peter Harlow. | ||
| 650 | _aBPF | ||
| 650 | _aBUILT ENVIRONMENT-BUILDING CONTRACT FORMS | ||
| 650 | _aBUILDING INDUSTRY | ||
| 650 | _aBUILDING PROCUREMENT | ||
| 650 | _aCLIENTS | ||
| 650 | _aCONSTRUCTION INDUSTRY | ||
| 650 | _aEUROPE | ||
| 650 | _aMANAGEMENT CONTRACTING | ||
| 650 | _aPACKAGE DEAL CONTRACTS | ||
| 650 | _aPARTNERING | ||
| 650 | _aPROCUREMENT SYSTEMS | ||
| 650 |
_aProject management _96261 |
||
| 650 | _aPROJECT MANAGER | ||
| 650 | _aTENDERING | ||
| 690 | _aBUILDING AND CONSTRUCTION-CONTROL | ||
| 700 | _aHarlow, Peter | ||
| 710 |
_aChartered Institute of Building _92134 |
||
| 942 | _n0 | ||
| 948 | _c14/04/1998 | ||
| 999 |
_c97051 _d97051 |
||